000 01001nam a22002777a 4500
008 240821b mp ||||| |||| 00| 0 mon d
020 _a978-9919-518-07-3
035 _a10365
040 _aDXO45059
_bmon
_cMN-UlNLM
_dMN-UlNLM
_erda
041 _amon
082 _210-t
_a808.899 282
_bВ- 67
100 _aВоллиамс. Д
245 0 _aГангста эмээ давтан хэрэг
245 0 _bхүүхдийн уран зохиол
245 0 _cРед: Б. Батцэцэг
250 _a2
264 _aУлаанбаатар
_bАдмон принт ХХК
_c2022
300 _a438хх.
336 _2rdacontent
_atext
_btxt
337 _2rdamedia
_aunmediated
_bn
338 _2rdacarrier
_avolume
_bnc
505 _tхүүхдийн уран зохиол; элэг хөшөөм хөгжөөнтэй зохиол; Гангста эмээ; Гангста эмээ давтан хэрэг; 0
650 _a13477
942 _210-t
_cBK
999 _c1135138
_d1135195